La política exterior fascista del peso determinante durante el cargo como Ministro de Dino Grandi (1929-1932) = Fascist foreign policy of the decisive weight during the cabinet of Dino Grandi (1929-1932) /

Guardat en:
Dades bibliogràfiques
Autor principal: Auria, Chiara d'
Format: Text
Etiquetes: Afegir etiqueta
Sense etiquetes, Sigues el primer a etiquetar aquest registre!

MARC

LEADER 00000 a a2200000 04500
001 48598
003
040
100 |a Auria, Chiara d'  
245 |a La política exterior fascista del peso determinante durante el cargo como Ministro de Dino Grandi (1929-1932) =   |b Fascist foreign policy of the decisive weight during the cabinet of Dino Grandi (1929-1932) /  |c Chiara d' Auria  
773 |g volumen94, número1, (2014), págians 169-183  
999 |c 21337  |d 21337